Vernacular Building Conservation

Salvato in:
Dettagli Bibliografici
Autore principale: Bowyer, Jack (Autore)
Natura: Libro
Lingua:inglese
Pubblicazione: London : Arch Press, 1980
Soggetti:
Tags: Aggiungi Tag
Nessun Tag, puoi essere il primo ad aggiungerne!!

MARC

LEADER 00000nam a22000003a 4500
001 stu13610
005 20150617225759.9
008 960708s1980----uk------------------eng-d
020 |a 0-85139-701-8 
040 |a STU  |b slo 
041 0 |a eng 
044 |a uk 
100 1 |a Bowyer, Jack  |4 aut 
245 1 |a Vernacular Building Conservation 
260 |a London :  |b Arch Press,  |c 1980 
300 |a 184 s 
650 7 |a ochrana pamiatková  |2 stusub 
650 7 |a architektúra rekonštrukcia  |2 stusub 
996 |b 284AU01430  |c A*808 U  |l AAKNAR  |s A  |a 24  |w stu13610_0001